| 000 | 00826nam a22002415a 4500 | ||
|---|---|---|---|
| 005 | 20201128023747.0 | ||
| 008 | 160609t2014 ii a fr 001 0 eng d | ||
| 020 | _a9788126550333 | ||
| 040 |
_aEG-ScBUE _beng _cEG-ScBUE _dEG-ScBUE |
||
| 082 | 0 | 4 |
_222 _a004.6782 _bKAV |
| 100 | 1 |
_aKavis, Michael _940137 |
|
| 245 | 1 | 0 |
_aArchitecting the cloud : _bdesign decisions for cloud computing service models (SaaS, PaaS, and IaaS) / _cMichael Kavis. |
| 260 |
_aNew Delhi : _bWiley, _cc.2014. |
||
| 300 |
_axxi, 199 p. : _bill. ; _c24 cm. |
||
| 500 | _aIndex : p. 193-199. | ||
| 500 | _aWiley CIO series. | ||
| 650 | 7 |
_2BUEsh _937309 _aCloud computing. |
|
| 650 | 7 |
_2BUEsh _92654 _a Computer architecture. |
|
| 650 | 7 |
_912426 _aInformation technology _xManagement. _2BUEsh |
|
| 651 | _2BUEsh | ||
| 653 |
_bCOMSCI _cJune2016 |
||
| 942 | _2ddc | ||
| 999 |
_c21858 _d21830 |
||